000 00762nam a2200253 i 4500
003 DO-SdBNP
005 20240620143248.0
007 ta
008 240620s2012 py 000 j spa d
020 _a9789996725326
040 _aDO-SdBNP
_bspa
_cBNPHU
_erda
082 _bF383
_222
100 _aFerreiro, Mario
_95199
_eautor
_d1959-
245 1 3 _aLa casa vacía /
_cMario Ferreiro
264 1 _aAsunción, Paraguay :
_bCriterio ediciones,
_c2012.
300 _a127 páginas,
_c20 cm.
336 _2rdacontent
_atexto
_btxt
337 _2rdamedia
_asin mediación
_bn
338 _2rdacarrier
_avolumen
_bnc
500 _aIncluye datos biografícos del autor en las solapas.
590 _aInventariado, 2024/ YL
910 _aYLockward
942 _2ddc
_cLBS1
999 _c56910
_d56910